Fr. Conceicao Rodrigues College of Engineering

Theoretical mechanics (Record no. 26075)

MARC details
000 -LEADER
fixed length control field 00303nam a2200145Ia 4500
082 ## - DEWEY DECIMAL CLASSIFICATION NUMBER
Classification number 531.01
Item number SPI
100 ## - MAIN ENTRY--PERSONAL NAME
Personal name Spiegel/M.R
245 ## - TITLE STATEMENT
Title Theoretical mechanics
260 ## - PUBLICATION, DISTRIBUTION, ETC.
Name of publisher, distributor, etc. McGraw Hill
Place of publication, distribution, etc. Singapore
Date of publication, distribution, etc. 1983
300 ## - PHYSICAL DESCRIPTION
Extent 368
546 ## - LANGUAGE NOTE
Language note ENGLISH
654 ## - SUBJECT ADDED ENTRY--FACETED TOPICAL TERMS
Focus term mechanics
942 ## - ADDED ENTRY ELEMENTS (KOHA)
Koha item type BOOK
Holdings
Withdrawn status Lost status Damaged status Not for loan Collection Home library Current library Date acquired Cost, normal purchase price Total Checkouts Full call number Barcode Date last seen Cost, replacement price Price effective from Koha item type
        CRC Fr. Agnel's C.Rodrigues College of Engineering Fr. Agnel's C.Rodrigues College of Engineering 17/03/2023 50.55   531.01 SPI 293 17/03/2023 50.55 17/03/2023 BOOK
        CRC Fr. Agnel's C.Rodrigues College of Engineering Fr. Agnel's C.Rodrigues College of Engineering 17/03/2023 50.55   531.01 SPI 294 17/03/2023 50.55 17/03/2023 BOOK